000 00860cam a2200289 a 4500
999 _c4064
_d4064
001 4064
003 BD-JhCC
005 20180402120626.0
008 870413s1987 mauaf 001 0beng
020 _a0395421144 :
_c$18.95
035 _a(BD-JhCC)4064
040 _aDLC
_cDLC
_dDLC
041 _aeng
050 0 0 _aTR140.L28
_bW46 1987
082 0 0 _a338.7/681418
_219
_bWEN 1987
100 1 _aWensberg, Peter C.
245 1 0 _aLand's Polaroid :
_ba company and the man who invented it /
_cPeter C. Wensberg.
260 _aBoston :
_bHoughton Mifflin,
_c1987.
300 _a258 p., [24] p. of plates :
_bill. ;
_c24 cm.
500 _a"A Peter Davison book."
500 _aIncludes index.
600 1 0 _aLand, Edwin Herbert,
_d1909-1991.
610 2 0 _aPolaroid Corporation
650 0 _aPolaroid Land camera
_xHistory.
942 _2ddc
_cBK